| 000 | 00000nam##2200000za#4500 |
| 001 | 9.605340 |
| 003 | CaOODSP |
| 005 | 20250611103508 |
| 007 | cr ||||||||||| |
| 008 | 150406|2011||||xxc|||||o f|0| 0 fre|d |
| 040 | |aCaOODSP|bfre |
| 043 | |an-cn--- |
| 086 | 1 |aA12-1/4-2011F-PDF |
| 110 | 1 |aCanada. |bAgriculture et agroalimentaire Canada. |
| 245 | 10|aEffets divers du travail du sol dans un bassin hydrographique des Prairies : |h[ressource électronique]|beffets sur le rendement économique et la performance environnementale |
| 260 | |aOttawa - Ontario : |bAgriculture et Agroalimentaire Canada |cc2011. |
| 300 | |a4p.|bgraphique, tableau, photographies |
| 490 | 1 |aFiche d’information de l’EPBH|vN° 4 |
| 590 | |a13-05-Supp|b2013-02-27 |
| 775 | 08|tTillage trade-offs in a Prairie watershed : |w(CaOODSP)9.575968 |
| 830 | #0|aFiche d’information de l’EPBH ;|vN° 4|w(CaOODSP)9.503528 |
| 856 | 40|ahttp://publications.gc.ca|qPDF|s333 Ko|uhttps://publications.gc.ca/collections/collection_2013/aac-aafc/A12-1-4-2011-fra.pdf|yN° 4 |
| 986 | |aNuméro AAC 11354F |